LEADER 00817nam1 2200325 450 001 990000762260203316 035 $a0076226 035 $aUSA010076226 035 $a(ALEPH)000076226USA01 035 $a0076226 100 $a20011122d19..----km-y0itay0103----ba 101 $aita 102 $aIT 105 $a||||||||001yy 200 1 $aOpere$fPrimo Levi 210 $aTorino$cEinaudi$d19.. 215 $av.$c18 cm 410 $12001 676 $a853.914 801 0$aIT$bsalbc$gISBD 912 $a990000762260203316 951 $aV C COLL.119$bLM$cV C 959 $aBK 969 $aUMA 979 $aPATTY$b90$c20011122$lUSA01$h1120 979 $aPATTY$b90$c20011122$lUSA01$h1120 979 $c20020403$lUSA01$h1723 979 $aPATRY$b90$c20040406$lUSA01$h1652 996 $aOpere$973556 997 $aUNISA LEADER 01670oam 2200421M 450 001 9910716244803321 005 20200213070514.7 035 $a(CKB)5470000002519678 035 $a(OCoLC)1065791633 035 $a(OCoLC)995470000002519678 035 $a(EXLCZ)995470000002519678 100 $a20071213d1925 ua 0 101 0 $aeng 135 $aurcn||||||||| 181 $ctxt$2rdacontent 182 $cc$2rdamedia 183 $acr$2rdacarrier 200 10$aInvestigation of crude rubber and other important raw materials. December 19, 1925. -- Referred to the House Calendar and ordered to be printed 210 1$a[Washington, D.C.] :$c[U.S. Government Printing Office],$d1925. 215 $a1 online resource (1 pages) 225 1 $aHouse report / 69th Congress, 1st session. House ;$vno. 24 225 1 $a[United States congressional serial set] ;$v[serial no. 8535] 300 $aBatch processed record: Metadata reviewed, not verified. Some fields updated by batch processes. 300 $aFDLP item number not assigned. 606 $aGovernmental investigations$zUnited States 606 $aRubber industry and trade 608 $aLegislative materials.$2lcgft 615 0$aGovernmental investigations 615 0$aRubber industry and trade. 701 $aSnell$b Bertrand Hollis$f1870-1958$pRepublican (NY)$01388514 801 0$bWYU 801 1$bWYU 801 2$bOCLCO 801 2$bOCLCQ 906 $aBOOK 912 $a9910716244803321 996 $aInvestigation of crude rubber and other important raw materials. December 19, 1925. -- Referred to the House Calendar and ordered to be printed$93460836 997 $aUNINA